| 000 | 01099cam a22003497a 4500 | ||
|---|---|---|---|
| 003 | CHAP | ||
| 005 | 20220817043808.0 | ||
| 007 | |||
| 008 | 010903d1994 ag a r 00110 spa d | ||
| 010 | _a84664 | ||
| 011 | _a85636 | ||
| 020 | _a9505045220 | ||
| 035 | _a96171 | ||
| 040 | _cCHAP | ||
| 082 | 0 | 0 |
_a633.15 _bL8 |
| 100 | 0 | 0 |
_aLuque, Jorge Alfredo. _969179 |
| 245 | 1 | 0 |
_aAltos rendimientos de maíz y soja con riego complementario _c/por Jorge A. Luque y Juan D. Paoloni |
| 260 |
_aBuenos Aires, Arg. ; _bHemisferio Sur, _c1994. |
||
| 300 |
_a112 p. : _bilus. |
||
| 590 |
_aBATCH-UPD _b10 _c20130110 _lUCH01 _h1109 |
||
| 590 |
_aBATCH-UPD _b10 _c20130410 _lUCH01 _h0701 |
||
| 590 |
_aBATCH-UPD _b10 _c20130914 _lUCH01 _h1655 |
||
| 590 |
_aCONVERSION _b10 _c20130109 _lUCH01 _h1347 |
||
| 650 | 1 | 4 |
_aIrrigación. _960366 |
| 650 | 1 | 4 |
_aMaíz _xRendimiento. _971051 |
| 650 | 1 | 4 |
_aSoya _xRendimiento. _9109084 |
| 700 | 0 | _aPaoloni, Juan Dario. | |
| 901 | _aBK | ||
| 905 | _aMayto Villalobos S. | ||
| 942 | _cLIBRO | ||
| 949 |
_a633.15 L8 _bBC _cLIBRO _d33724000855524 _eLIBRO _h101631 _i96171 _si _t$323.00 |
||
| 999 |
_c84664 _d84664 |
||